[Event "ROU-chT Men Superliga 2018"]
[Site "Sovata"]
[Date "2018.12.02"]
[Round "9"]
[White "David, Alexandru-Vasile"]
[Black "Vedmediuc, Serghei"]
[Result "0-1"]
[WhiteElo "2426"]
[BlackElo "2472"]
[Annotator "TA"]
[PlyCount "54"]
[EventDate "2018.11.24"]
[EventType "team-tourn"]
[EventCountry "ROU"]
[SourceTitle "playchess.com"]
[Source "ChessBase"]
[SourceQuality "1"]

{[%evp 16,54,-10,-14,30,8,17,0,0,-6,0,-13,-22,-32,-33,-97,-111,-101,-101,-209,-156,-154,-129,-123,-144,-223,-136,-272,-278,-277,-245,-370,-376,-694,-694,-693,-693,-696,-696,-713,-697]} 1. e4 c5 2. Nf3 e6 3. d4 cxd4 4. Nxd4 a6 5. c4 Nf6 6. Nc3 Bb4 7. Bd3 Nc6 8. O-O {B41: Sicilian: Kan Variation: 5 c4} Nxd4 9. e5 {LiveBook: 3 Games} Be7 ({Much weaker is} 9... Ng8 10. Qg4 $16) 10. exf6 {White has an edge.} Bxf6 11. Ne4 $146 ({Predecessor:} 11. Be3 Nc6 12. Ne4 O-O 13. c5 Bxb2 14. Rb1 Bd4 15. Bxd4 Nxd4 {½-½ (32) Illingworth,M (2311)-Zhao,Z (2586) Cammeray 2011}) 11... Be7 12. c5 O-O 13. Bf4 b6 14. b4 a5 $36 {[%mdl 2048] Black has the initiative.} 15. a3 {[#]} (15. Nd6 $15 f5 16. Bc4) 15... axb4 $1 $17 16. axb4 {[#]} Bb7 $1 {[%cal Rb7e4] And now ...Bxe4 would win.} 17. Qh5 (17. Be5 $17 Rxa1 18. Qxa1 Bxe4 19. Qxd4 Bxd3 20. Qxd3) 17... f5 18. Nd6 Rxa1 19. Rxa1 Bd5 20. Be5 (20. Ra3 $17 {was worth a try.}) 20... Nc6 21. Bc3 (21. Nxf5 $17 {was necessary.} exf5 22. Bxf5 Rxf5 23. Qxf5) 21... Bf6 $19 22. Bxf6 Qxf6 23. Rd1 (23. Rb1 {was called for.}) 23... Nxb4 24. cxb6 $2 (24. Bf1 bxc5 25. Qe2) 24... Nxd3 {Black is clearly winning.} 25. Rxd3 Qe5 {[%cal Re5e1]} 26. Qd1 Qxd6 27. b7 Qc6 {Accuracy: White = 18%, Black = 77%.} 0-1

[Event "ROU-chT Men Superliga 2018"]
[Site "Sovata"]
[Date "2018.12.02"]
[Round "9"]
[White "Petrisor, Adrian-Marian"]
[Black "Carmaciu, Lucian-Catalin"]
[Result "1/2-1/2"]
[WhiteElo "2425"]
[BlackElo "2374"]
[Annotator "NA"]
[PlyCount "43"]
[EventDate "2018.11.24"]
[EventType "team-tourn"]
[EventCountry "ROU"]
[SourceTitle "playchess.com"]
[Source "ChessBase"]
[SourceQuality "1"]
[TimeControl "40/5400+30:1800+30"]

{[%evp 14,43,22,19,15,0,14,7,14,2,20,6,70,20,32767,32767,22,35,46,32767,54,44,50,33,54,54,52,20,15,11,6,13]} 1. e4 {[%emt 0:00:00]} g6 {[%emt 0:00:00]} 2. d4 {[%emt 0:00:00]} Bg7 {[%emt 0:00:00]} 3. Nc3 {[%emt 0:00:20]} c6 {[%emt 0:00:03]} 4. Bc4 {[%emt 0:02:46]} d6 {[%emt 0:02:40]} 5. Qf3 {[%emt 0:04:45]} e6 {[%emt 0:01:36]} 6. Nge2 {[%emt 0:00:21]} b5 {[%emt 0:03:11]} 7. Bd3 {[%emt 0:01:46]} e5 {[%emt 0:03:23] B06: Modern Defence} (7... Nd7 8. Qg3 b4 9. Nd1 e5 10. c3 a5 11. O-O Ngf6 12. f4 exd4 13. cxd4 O-O 14. e5 Nd5 15. Ne3 Nxe3 16. Bxe3 dxe5 {0-1 (26) Barbero Sendic,A (2388)-Del Rio de Angelis,S (2525) Escaldes 2018}) 8. dxe5 {[%emt 0:02:03]} dxe5 {[%emt 0:00:17]} 9. a4 {[%emt 0:03:44] LiveBook: 3 Games} b4 $1 {[%emt 0:00:30]} 10. Nd1 {[%emt 0:00:12]} a5 {[%emt 0:02:14]} 11. Ne3 $146 {[%emt 0:00:22]} ({Predecessor:} 11. Bc4 Nf6 12. Ne3 Nbd7 13. O-O O-O 14. c3 Nc5 15. Ng3 {0-1 (32) Ostrowski,L (2355)-Petran,P (2325) Bardejov 1996}) 11... Nd7 {[%emt 0:00:34]} 12. Nc4 {[%emt 0:02:13]} Qe7 {[%emt 0:00:16]} ({Black should try} 12... Nc5 $1 $11) 13. h4 {[%emt 0:05:32]} Ngf6 {[%emt 0:05:00]} 14. Bg5 {[%emt 0:02:26]} h6 {[%emt 0:00:48]} 15. Be3 {[%emt 0:00:35]} h5 {[%emt 0:21:09]} 16. Nc1 {[%emt 0:02:26]} Ba6 {[%emt 0:06:34]} 17. Nb3 {[%emt 0:06:51]} Bxc4 $1 {[%emt 0:01:19]} 18. Bxc4 {[%emt 0:00:33]} Ng4 {[%emt 0:07:55]} 19. Rd1 {[%emt 0:13:02]} Bf6 {[%emt 0:08:24]} 20. g3 {[%emt 0:03:48]} Nxe3 {[%emt 0:07:21]} 21. Qxe3 {[%emt 0:00:56]} Bg7 {[%emt 0:01:45]} 22. O-O $11 {[%emt 0:13:35]} 1/2-1/2

[Event "ROU-chT Men Superliga 2018"]
[Site "Sovata"]
[Date "2018.12.02"]
[Round "9"]
[White "Vasiesiu, Dan"]
[Black "Balla, Tamas-Kristof"]
[Result "1/2-1/2"]
[WhiteElo "2394"]
[BlackElo "2316"]
[Annotator "NA"]
[PlyCount "36"]
[EventDate "2018.11.24"]
[EventType "team-tourn"]
[EventCountry "ROU"]
[SourceTitle "playchess.com"]
[Source "ChessBase"]
[SourceQuality "1"]
[TimeControl "40/5400+30:1800+30"]

1. e4 {[%emt 0:00:00]} c5 {[%emt 0:00:00]} 2. Nf3 {[%emt 0:00:00]} e6 {[%emt 0:00:00]} 3. d4 {[%emt 0:00:00]} cxd4 {[%emt 0:00:00]} 4. Nxd4 {[%emt 0:00:02]} a6 {[%emt 0:00:00]} 5. Bd3 {[%emt 0:00:23]} Nf6 {[%emt 0:00:00]} 6. O-O {[%emt 0:00:49]} Qc7 {[%emt 0:00:00]} 7. Qe2 {[%emt 0:01:16]} d6 {[%emt 0:00:08]} 8. f4 {[%emt 0:03:12]} Nbd7 {[%emt 0:02:50]} 9. c4 {[%emt 0:01:52]} Be7 {[%emt 0:04:27]} 10. b3 {[%emt 0:01:56]} O-O {[%emt 0:01:37]} 11. Bb2 {[%emt 0:00:52]} Re8 {[%emt 0:02:59] LiveBook: 6 Games} 12. Nf3 {[%emt 0:12:11]} e5 {[%emt 0:10:32]} 13. f5 {[%emt 0:06:20]} Nc5 {[%emt 0:00:30]} 14. Nc3 {[%emt 0:00:56]} Nxd3 {[%emt 0:00:46]} 15. Qxd3 {[%emt 0:00:10]} b5 {[%emt 0:00:07]} 16. Nd5 {[%emt 0:03:43]} Nxd5 $11 {[%emt 0:07:11]} 17. cxd5 {[%emt 0:00:34]} Qb6+ {[%emt 0:00:21]} 18. Kh1 {[%emt 0:00:27]} a5 {[%emt 0:00:19]} 1/2-1/2

[Event "ROU-chT Men Superliga 2018"]
[Site "Sovata"]
[Date "2018.12.02"]
[Round "9"]
[White "Macovei, Andrei"]
[Black "Miron, Lucian-Costin"]
[Result "1/2-1/2"]
[WhiteElo "2369"]
[BlackElo "2465"]
[Annotator "TA"]
[PlyCount "45"]
[EventDate "2018.11.24"]
[EventType "team-tourn"]
[EventCountry "ROU"]
[SourceTitle "playchess.com"]
[Source "ChessBase"]
[SourceQuality "1"]

{[%evp 19,20,28,36]} 1. e4 e5 2. Nf3 Nc6 3. Bb5 a6 4. Ba4 Nf6 5. O-O Be7 6. Re1 b5 7. Bb3 d6 8. c3 O-O 9. h3 Nb8 10. d4 Nbd7 {LiveBook: 4280 Games} {Predecessor:} 11. Nbd2 $146 Bb7 12. Bc2 Re8 13. Nf1 Bf8 14. Ng3 g6 15. b3 a5 16. a3 d5 17. Bg5 h6 18. Bxf6 Qxf6 19. exd5 exd4 20. Rxe8 Rxe8 21. Nxd4 b4 22. axb4 axb4 23. Ne4 {½-½ (35) Anand,V (2771)-Amin,B (2686) Batumi 2018} 1/2-1/2

[Event "ROU-chT Men Superliga 2018"]
[Site "Sovata"]
[Date "2018.12.02"]
[Round "9"]
[White "Stoleriu, George"]
[Black "Vasiesiu, Victor"]
[Result "1/2-1/2"]
[WhiteElo "2362"]
[BlackElo "2270"]
[Annotator "NA"]
[PlyCount "21"]
[EventDate "2018.11.24"]
[EventType "team-tourn"]
[EventCountry "ROU"]
[SourceTitle "playchess.com"]
[Source "ChessBase"]
[SourceQuality "1"]
[TimeControl "40/5400+30:1800+30"]

{[%evp 10,19,29,32767,32767,32767,32767,32767,8,8,32767,18]} 1. e4 {[%emt 0:00:00]} c5 {[%emt 0:00:00]} 2. Nf3 {[%emt 0:00:00]} e6 {[%emt 0:00:08]} 3. b3 {[%emt 0:00:26]} Nc6 {[%emt 0:02:18]} 4. Bb2 {[%emt 0:01:36]} a6 {[%emt 0:02:41]} 5. g3 d6 {[%emt 0:14:26]} 6. Bg2 {[%emt 0:03:35]} Nf6 {[%emt 0:00:07]} 7. Qe2 {[%emt 0:09:59]} Be7 {[%emt 0:00:33]} 8. O-O {[%emt 0:00:20]} O-O {[%emt 0:00:27]} 9. d4 {[%emt 0:10:36]} cxd4 {[%emt 0:04:55]} 10. Nxd4 $11 {LiveBook: 7 Games} Bd7 {[%emt 0:02:47]} 11. Rd1 {[%emt 0:07:31]} 1/2-1/2

[Event "ROU-chT Men Superliga 2018"]
[Site "Sovata"]
[Date "2018.12.02"]
[Round "9"]
[White "Manea, Alexandru"]
[Black "Vrencian, Lehel"]
[Result "1/2-1/2"]
[WhiteElo "2347"]
[BlackElo "2321"]
[Annotator "NA"]
[PlyCount "58"]
[EventDate "2018.11.24"]
[EventType "team-tourn"]
[EventCountry "ROU"]
[SourceTitle "playchess.com"]
[Source "ChessBase"]
[SourceQuality "1"]
[TimeControl "40/5400+30:1800+30"]

1. d4 {[%emt 0:00:00]} d5 {[%emt 0:03:41]} 2. Nf3 {[%emt 0:00:00]} Nf6 {[%emt 0:00:06]} 3. g3 {[%emt 0:00:02]} c6 {[%emt 0:00:10]} 4. Bg2 {[%emt 0:00:19]} Bf5 {[%emt 0:00:08]} 5. c4 {[%emt 0:00:05]} e6 {[%emt 0:00:05]} 6. Nc3 {[%emt 0:01:06]} h6 {[%emt 0:00:27]} 7. Qb3 {[%emt 0:00:07]} Qb6 {[%emt 0:00:34]} 8. O-O {[%emt 0:02:11]} Nbd7 {[%emt 0:00:18]} 9. c5 {[%emt 0:01:21]} Qxb3 {[%emt 0:00:26] D11: Slav Defence: 3 Nf3 sidelines and 3...Nf6 4 e3 Bg4} (9... Qc7 10. Bf4 Qc8 11. Nd2 g5 12. Bd6 Bxd6 13. cxd6 O-O 14. f3 c5 15. e4 Bg6 16. Rac1 Qc6 17. e5 {1-0 (34) Stupak,K (2588)-Rodshtein,M (2699) Katowice 2017}) 10. axb3 {[%emt 0:00:02]} a6 {[%emt 0:00:11]} 11. b4 {[%emt 0:00:08]} Rc8 {[%emt 0:00:21]} 12. h3 {[%emt 0:03:31]} Be7 {[%emt 0:02:14]} 13. g4 {[%emt 0:06:57]} Bh7 {[%emt 0:00:24]} 14. Bf4 {[%emt 0:00:17]} O-O {[%emt 0:00:04]} 15. Nd2 {[%emt 0:00:14]} Rfe8 {[%emt 0:00:07]} 16. Nb3 {[%emt 0:00:09]} Bd8 {[%emt 0:00:04]} 17. Na5 {[%emt 0:22:33]} Bxa5 {[%emt 0:00:42]} 18. bxa5 {[%emt 0:00:43]} e5 $146 {[%emt 0:03:18]} 19. dxe5 {[%emt 0:01:33]} Nxe5 {[%emt 0:00:07]} 20. Bxe5 {[%emt 0:03:31]} Rxe5 {[%emt 0:00:05]} 21. Rfd1 {[%emt 0:03:56]} Ne4 {[%emt 0:12:15]} 22. Nxe4 {[%emt 0:02:54]} Bxe4 {[%emt 0:00:08]} 23. e3 {[%emt 0:00:04]} Bxg2 {[%emt 0:00:20]} 24. Kxg2 {[%emt 0:00:01]} Re4 {[%emt 0:00:38]} 25. Rd4 {[%emt 0:00:11]} Rxd4 {[%emt 0:03:37]} 26. exd4 $11 {[%emt 0:01:30]} Re8 {[%emt 0:00:09]} 27. Ra4 {[%emt 0:00:34]} g5 {[%emt 0:01:34]} 28. Rb4 {[%emt 0:00:06]} Re7 {[%emt 0:00:04]} 29. Kf3 {[%emt 0:00:13]} Kg7 {[%emt 0:00:07] Ke4} 1/2-1/2

[Event "ROU-chT Men Superliga 2018"]
[Site "Sovata"]
[Date "2018.12.02"]
[Round "9"]
[White "Ogleznev, Alexandr"]
[Black "Baklan, Vladimir"]
[Result "0-1"]
[WhiteElo "2333"]
[BlackElo "2605"]
[Annotator "TA"]
[PlyCount "72"]
[EventDate "2018.11.24"]
[EventType "team-tourn"]
[EventCountry "ROU"]
[SourceTitle "playchess.com"]
[Source "ChessBase"]
[SourceQuality "1"]

{[%evp 21,72,0,0,-18,-4,-4,0,0,0,-27,-16,-47,-65,-59,-65,-41,-22,-45,-43,-39,-29,-33,-31,-71,-64,-78,-77,-54,-54,-109,-109,-95,-119,-106,-116,-121,-64,-140,-93,-101,-97,-112,-102,-109,-102,-141,-105,-299,-269,-479,-479,-479,-472]} 1. e4 e6 2. d4 d5 3. Nd2 Be7 4. Bd3 c5 5. dxc5 Nf6 6. Qe2 O-O 7. Ngf3 {C03: French Tarrasch: Unusual Black 3rd moves} a5 8. O-O Na6 9. e5 Nd7 10. c3 (10. c4 Ndxc5 11. Bb1 d4 12. Rd1 d3 13. Qe3 b6 14. Ne1 Bb7 15. Nxd3 {½-½ (57) Liang,A (2552)-So,W (2786) Saint Louis 2018}) 10... Naxc5 11. Bc2 b5 {[%cal Bb7b5,Bb5b4][%mdl 32] LiveBook: 23 Games} 12. Re1 b4 13. Nd4 Ba6 $146 ({Predecessor:} 13... Qc7 14. Qe3 bxc3 15. bxc3 {1-0 (41) Misiano,F (2288)-Rambaldi,F (2444) Biel 2014}) 14. Qf3 Rc8 15. Qh3 {[%csl Gc2][%cal Rh3h7] [#]} g6 $1 16. Nf1 bxc3 17. bxc3 Qc7 $36 {[%mdl 2048] Black has good play.} 18. Bf4 Bxf1 19. Kxf1 Ne4 20. Bxe4 dxe4 21. Rxe4 Qc4+ 22. Re2 Nb6 {[%cal Bd7b6,Bb6d5,Bd5c3][%mdl 32]} 23. Bd2 Rfd8 24. Qf3 Nd5 25. Kg1 ({Better is} 25. Nc2 $15) 25... Nxc3 26. Bxc3 Qxc3 27. Qxc3 Rxc3 28. Nf3 a4 (28... Rdc8 $17 29. h3 Rc2) 29. h4 ({White should try} 29. Ne1 $15) 29... h6 30. Rb1 a3 31. Kf1 Kf8 32. Ke1 Rc4 33. Re3 Rdc8 {And now ...Rc1+ would win.} 34. Kd1 $2 {[#]} (34. Rd3 $17) 34... Rc2 $1 $19 35. Rb8 $2 (35. Re2 {is the only way for White.} Rxe2 {[%mdl 64] Overworked Piece} 36. Kxe2 Rc2+ {[%mdl 64] Double Attack} 37. Nd2) 35... Rxb8 36. Kxc2 Rb2+ {[%mdl 64] Double Attack. Accuracy: White = 40%, Black = 73%.} 0-1

[Event "ROU-chT Men Superliga 2018"]
[Site "Sovata"]
[Date "2018.12.02"]
[Round "9"]
[White "Ionescu, Doru-Alexandru"]
[Black "Nastase, Robert-Paul"]
[Result "1-0"]
[WhiteElo "2321"]
[BlackElo "2296"]
[Annotator "NA"]
[PlyCount "57"]
[EventDate "2018.11.24"]
[EventType "team-tourn"]
[EventCountry "ROU"]
[SourceTitle "playchess.com"]
[Source "ChessBase"]
[SourceQuality "1"]
[TimeControl "40/5400+30:1800+30"]

1. d4 {[%emt 0:00:00]} e6 {[%emt 0:00:22]} 2. Nf3 {[%emt 0:00:00]} Nf6 {[%emt 0:00:07]} 3. Bg5 {[%emt 0:00:00]} h6 {[%emt 0:00:06]} 4. Bh4 {[%emt 0:00:00]} c5 {[%emt 0:00:08]} 5. e3 {[%emt 0:00:04]} Qb6 {[%emt 0:02:01]} 6. Qc1 {[%emt 0:01:04] A46: 1 d4 Nf6 2 Nf3 e6: Torre, London and Colle Systems} Nc6 {[%emt 0:02:11]} 7. c3 {[%emt 0:00:50]} d5 {[%emt 0:00:23]} 8. Nbd2 {[%emt 0:00:13]} Bd7 {[%emt 0:01:57]} 9. Bd3 {[%emt 0:00:19]} Rc8 {[%emt 0:00:13]} 10. Qb1 {[%emt 0:02:26]} Ng8 $146 {[%emt 0:18:57]} ({Better is} 10... cxd4 $11 11. exd4 Nh5) ({Predecessor:} 10... Bd6 11. O-O O-O 12. dxc5 Bxc5 13. Bxf6 gxf6 14. c4 dxc4 15. Nxc4 Qc7 16. a3 {½-½ (42) Jacquin,R (2495)-Nasybullin,V (2604) ICCF email 2007}) 11. O-O {[%emt 0:01:23]} c4 {[%emt 0:00:06]} 12. Bc2 {[%emt 0:00:24]} f5 {[%emt 0:00:09]} 13. Bg3 {[%emt 0:01:09]} Nf6 {[%emt 0:00:15]} 14. b3 {[%emt 0:01:18]} Na5 {[%emt 0:07:50]} 15. Qb2 {[%emt 0:37:59]} Be7 {[%emt 0:00:30]} 16. Ne5 {[%emt 0:04:13]} O-O {[%emt 0:02:44]} 17. Ng6 {[%emt 0:08:01]} Rfe8 {[%emt 0:00:30]} 18. Nxe7+ {[%emt 0:00:05]} Rxe7 {[%emt 0:00:06]} 19. Rfb1 {[%emt 0:03:16]} cxb3 {[%emt 0:14:22]} 20. axb3 {[%emt 0:00:09]} Rf7 {[%emt 0:00:39]} 21. Nf3 {[%emt 0:04:54]} Bb5 {[%emt 0:05:55]} (21... Nc6 $16) 22. c4 {[%emt 0:11:13]} dxc4 $18 {[%emt 0:01:29]} 23. bxc4 {[%emt 0:00:06]} Ba6 {[%emt 0:02:56]} 24. Qa2 {[%emt 0:01:06]} Bxc4 {[%emt 0:02:15]} 25. Qxa5 {[%emt 0:00:14]} Qxa5 {[%emt 0:00:04]} 26. Rxa5 {[%emt 0:00:08]} b6 {[%emt 0:00:03]} 27. Raa1 {[%emt 0:00:16]} Rb7 {[%emt 0:01:02]} 28. Ne5 {[%emt 0:00:42]} Bd5 {[%emt 0:00:46]} 29. Bd3 {[%emt 0:00:14]} 1-0

[Event "ROU-chT Men Superliga 2018"]
[Site "Sovata"]
[Date "2018.12.02"]
[Round "9"]
[White "Ileana, George"]
[Black "Vajda, Levente"]
[Result "0-1"]
[WhiteElo "2318"]
[BlackElo "2547"]
[Annotator "RC"]
[PlyCount "114"]
[EventDate "2018.11.24"]
[EventType "team-tourn"]
[EventCountry "ROU"]
[SourceTitle "playchess.com"]
[Source "ChessBase"]
[SourceQuality "1"]
[TimeControl "40/5400+30:1800+30"]

1. e4 {[%emt 0:00:00]} e5 {[%emt 0:00:00]} 2. Nf3 {[%emt 0:00:00]} Nc6 {[%emt 0:00:00]} 3. Bc4 {[%emt 0:00:00]} Bc5 {[%emt 0:00:00]} 4. c3 {[%emt 0:00:00]} Nf6 {[%emt 0:00:00]} 5. d3 {[%emt 0:00:03]} O-O {[%emt 0:00:09]} 6. O-O {[%emt 0:00:18]} d5 {[%emt 0:00:07]} 7. exd5 {[%emt 0:00:21]} Nxd5 {[%emt 0:00:06]} 8. Nbd2 {[%emt 0:00:36]} Nb6 {[%emt 0:01:10]} 9. Bb5 {[%emt 0:00:52]} Bd6 {[%emt 0:07:03]} 10. Ne4 {[%emt 0:02:09]} a6 {[%emt 0:02:11]} 11. Bxc6 {[%emt 0:00:13]} bxc6 {[%emt 0:00:06]} 12. d4 {[%emt 0:00:09]} exd4 {[%emt 0:01:10]} 13. Qxd4 {[%emt 0:00:14]} Be6 {[%emt 0:06:45]} 14. b3 {[%emt 0:01:41]} Bd5 {[%emt 0:04:20]} 15. c4 {[%emt 0:01:33]} c5 {[%emt 0:05:03]} 16. Qe3 {[%emt 0:00:09]} Bc6 {[%emt 0:00:55]} 17. Nxd6 {[%emt 0:00:51]} cxd6 {[%emt 0:00:09]} 18. Bb2 {[%emt 0:00:11]} Re8 {[%emt 0:03:43]} 19. Qc3 {[%emt 0:00:07]} f6 {[%emt 0:00:04]} 20. Rfe1 {[%emt 0:00:04]} Qd7 {[%emt 0:02:37]} 21. h3 {[%emt 0:09:19]} Qf5 {[%emt 0:01:41]} 22. Rad1 {[%emt 0:01:20]} Bxf3 {[%emt 0:03:56]} 23. Qxf3 {[%emt 0:00:43]} Qxf3 {[%emt 0:01:03]} 24. Rxe8+ {[%emt 0:02:41]} Rxe8 {[%emt 0:00:06]} 25. gxf3 {[%emt 0:00:04]} Re6 {[%emt 0:00:10]} 26. Bc3 {[%emt 0:00:44]} Kf7 {[%emt 0:02:04]} 27. Ba5 {[%emt 0:01:04]} Nd7 {[%emt 0:04:55]} 28. Kg2 {[%emt 0:00:43]} f5 {[%emt 0:04:01]} 29. b4 {[%emt 0:01:05]} Ne5 {[%emt 0:09:46]} 30. bxc5 {[%emt 0:00:44]} Nxc4 {[%emt 0:00:11]} 31. Bb4 {[%emt 0:01:20]} dxc5 {[%emt 0:07:49]} 32. Bxc5 {[%emt 0:00:06]} Rc6 {[%emt 0:01:27]} 33. Ba7 {[%emt 0:01:27]} Ne5 {[%emt 0:05:21]} 34. Bb8 {[%emt 0:06:09]} Rg6+ {[%emt 0:01:26]} 35. Kf1 {[%emt 0:01:07]} Nxf3 {[%emt 0:00:13]} 36. Rd5 {[%emt 0:01:12]} Ke6 {[%emt 0:09:07]} 37. Rd6+ {[%emt 0:06:06]} Ke7 {[%emt 0:00:31]} 38. Rd5 {[%emt 0:04:10]} Rb6 {[%emt 0:01:20]} 39. Bg3 {[%emt 0:00:58]} Ke6 {[%emt 0:03:27]} 40. Ra5 {[%emt 0:00:00]} Rc6 {[%emt 0:00:00]} 41. Ra4 {[%emt 0:05:29]} g5 {[%emt 0:05:15]} 42. Kg2 {[%emt 0:01:19]} Ne1+ {[%emt 0:00:24]} 43. Kf1 {[%emt 0:00:19]} Nd3 {[%emt 0:00:05]} 44. f4 {[%emt 0:03:44]} gxf4 {[%emt 0:08:31]} 45. Bxf4 {[%emt 0:00:12]} Nxf4 {[%emt 0:00:07]} 46. Rxf4 {[%emt 0:00:05]} Rc1+ {[%emt 0:00:05]} 47. Kf2 {[%emt 0:00:40]} Rc2+ {[%emt 0:00:07]} 48. Kf3 {[%emt 0:00:15]} Rxa2 {[%emt 0:00:28]} 49. Rh4 {[%emt 0:00:04]} Ra3+ {[%emt 0:00:21]} 50. Kg2 {[%emt 0:00:07]} a5 {[%emt 0:02:08]} 51. Rxh7 {[%emt 0:00:06]} a4 {[%emt 0:01:46]} 52. h4 {[%emt 0:00:25]} f4 {[%emt 0:01:49]} 53. Rh5 {[%emt 0:00:26]} Ra1 {[%emt 0:01:19]} 54. Ra5 {[%emt 0:01:04]} a3 {[%emt 0:00:08]} 55. h5 {[%emt 0:01:51]} a2 {[%emt 0:00:10]} 56. Ra6+ {[%emt 0:00:47]} Kf7 {[%emt 0:02:05]} 57. Ra3 {[%emt 0:00:55]} Kg7 {[%emt 0:00:07]} 0-1

[Event "ROU-chT Men Superliga 2018"]
[Site "Sovata"]
[Date "2018.12.02"]
[Round "9"]
[White "Banzea, Alexandru-Bogdan"]
[Black "Nevednichy, Vladislav"]
[Result "1/2-1/2"]
[WhiteElo "2313"]
[BlackElo "2529"]
[Annotator "TA"]
[PlyCount "49"]
[EventDate "2018.11.24"]
[EventType "team-tourn"]
[EventCountry "ROU"]
[SourceTitle "playchess.com"]
[Source "ChessBase"]
[SourceQuality "1"]

{[%evp 19,49,38,35,31,31,37,37,31,31,29,24,14,18,16,29,17,21,10,20,12,33,21,28,24,31,31,29,0,29,0,35,0]} 1. e4 d5 2. exd5 Qxd5 3. Nc3 Qd6 4. d4 Nf6 5. Nf3 c6 6. g3 {B01: Scandinavian Defence} (6. h3 Nbd7 7. Bd3 g6 8. O-O Bg7 9. Re1 O-O 10. Qe2 e6 11. Bg5 b6 12. Rad1 Bb7 13. Ne5 c5 14. dxc5 Qxe5 15. Qxe5 Nxe5 16. Rxe5 {1-0 (90) Guseinov,G (2645)-Carlsen,M (2832) chess.com INT 2017}) 6... Bg4 7. Bg2 e6 8. h3 Bxf3 9. Bxf3 Be7 10. O-O O-O {LiveBook: 20 Games} 11. Ne4 Nxe4 12. Bxe4 Nd7 {[%cal Bb8d7,Bd7f6,Bf6d5][%mdl 32]} 13. c3 $146 ({Predecessor:} 13. c4 Nf6 {½-½ (22) Stefansson,H (2510)-Danielsen,H (2524) Reykjavik 2013}) 13... Nf6 14. Bg2 Rad8 15. Qb3 Qc7 16. Bf4 Qc8 17. Rad1 Nd5 18. Bc1 b5 19. Rfe1 Qd7 20. Qc2 a5 21. Be4 Nf6 22. Bf3 Nd5 23. Be4 Nf6 24. Bf3 Nd5 25. Be4 {Accuracy: White = 48%, Black = 83%.} 1/2-1/2

[Event "ROU-chT Men Superliga 2018"]
[Site "Sovata"]
[Date "2018.12.02"]
[Round "9"]
[White "Pop, Alexandru"]
[Black "Cioara, Andrei-Nestor"]
[Result "1-0"]
[WhiteElo "2292"]
[BlackElo "2427"]
[Annotator "TA"]
[PlyCount "61"]
[EventDate "2018.11.24"]
[EventType "team-tourn"]
[EventCountry "ROU"]
[SourceTitle "playchess.com"]
[Source "ChessBase"]
[SourceQuality "1"]

{[%evp 16,61,27,18,37,32,40,17,37,-47,-39,-41,-30,-66,-59,-95,-60,-68,-60,-89,-48,-99,-63,-55,0,0,35,28,58,7,0,0,0,0,0,0,0,0,0,0,0,0,11,-56,-38,-170,1370,1333]} 1. d4 Nf6 2. Nf3 e6 3. Bf4 c5 4. e3 cxd4 5. exd4 b6 (5... Be7 6. Nbd2 O-O 7. Bd3 b6 8. O-O Ba6 9. Bxa6 Nxa6 10. Re1 d6 11. h3 Qd7 12. a4 Nc7 13. Bh2 {1-0 (100) Aronian,L (2767)-Giri,A (2782) chess.com INT 2018}) 6. Bd3 {A46: 1 d4 Nf6 2 Nf3 e6: Torre, London and Colle Systems} Bb7 7. O-O Be7 8. Re1 O-O 9. a4 {LiveBook: 3 Games} a6 10. c3 $146 ({Predecessor:} 10. h3 d6 11. Qe2 Re8 12. c3 Nbd7 13. Bg3 {0-1 (45) Xilogiannis,D (1966)-Livaic,L (2468) Skopje 2018}) 10... d6 11. Qe2 Re8 12. c4 (12. Nbd2 $14) 12... Nc6 $15 13. Nc3 Nb4 14. Bb1 Rc8 15. Ng5 d5 16. cxd5 $1 Nbxd5 17. Bd2 Bf8 18. Qd3 (18. Qf3 $15 g6 19. Nxd5 Bxd5 20. Qh3) 18... g6 19. Qh3 Nxc3 (19... Bg7 $15) 20. bxc3 $11 e5 {With the idea ...h6.} 21. Ba2 Bd5 22. dxe5 ({Better is} 22. Bxd5 $14 Qxd5 23. Rxe5) 22... Bxa2 $1 23. exf6 {[%csl Gg5][%cal Rh3h7] [#]} Rxe1+ 24. Rxe1 {[%csl Gg5][%cal Rh3h7]} h6 25. Nf3 $1 Rc5 26. Nd4 ({Don't blunder} 26. Bxh6 $2 Rh5 $19) 26... Qxf6 27. Re8 $40 {[%mdl 128] White has some attack.} Re5 28. Rb8 Qe7 29. Be3 ({White should play} 29. Nf3 $11 Rd5 30. Qc8) 29... Qa3 {[#] ( -> ...Qc1+!)} 30. Nc2 (30. f4 $1 $15 Be6 31. Rxf8+ Qxf8 32. Qg3) 30... Qb2 $4 {[%mdl 8192]} ({Wrong is} 30... Qxa4 $2 31. Qc8 $18 (31. Qxh6 Re8 $15)) (30... Qd6 $19 31. Rxf8+ Qxf8) 31. Qxh6 $1 {Accuracy: White = 28%, Black = 39%.} 1-0